Suisse : Villes les plus à l'ouest des cantons - SuisseLn - Statistiques

Statistiques générales
  • Ce quiz a été pris 50 fois
  • Le résultat moyen est 8 sur 21
Statistiques - réponses
Canton Réponse % Correct
Bâle-Ville Bâle
79%
Vaud Nyon
70%
Valais Monthey
60%
Berne Bienne
53%
Fribourg Bulle
51%
Jura Delémont
51%
Grisons Coire
47%
Tessin Locarno
47%
Genève Bernex
40%
Thurgovie Frauenfeld
37%
Obwald Sarnen
35%
Soleure Granges
33%
Saint-Gall Rapperswil-Jona
30%
Zurich Dietikon
28%
Argovie Rheinfelden
26%
Neuchâtel Val-de-Travers
26%
Lucerne Sursee
23%
Bâle-Campagne Allschwil
19%
Schaffhouse Neuhausen am Rheinfall
19%
Schwytz Küssnacht
16%
Zoug Risch-Rotkreuz
14%
Aucun quiz correspondant
Distribution des résultats
% des personnes avec chaque résultat
Percentile par nombre de réponses
Votre historique - résultats
Vous n’avez pas pris ce quiz